| 000 | 00417nam a2200145Ia 4500 | ||
|---|---|---|---|
| 005 | 20260417150918.0 | ||
| 008 | 260417s9999||||xx |||||||||||||| ||und|| | ||
| 020 | _a9789814517980 | ||
| 041 | _aeng | ||
| 245 | 0 | _aGender and ageing | |
| 260 |
_bCambridge, Cambridge, _c2015 |
||
| 650 | _aMedia & Communication | ||
| 856 | _uhttps://www.cambridge.org/core/product/identifier/9789814517980/type/BOOK | ||
| 942 | _cE-BOOK | ||
| 999 |
_c50668 _d50668 |
||